<?xml version="1.0" encoding="UTF-8"?>
<collection xmlns="http://www.loc.gov/MARC21/slim">
 <record>
  <leader>01298nam a22002177a 4500</leader>
  <controlfield tag="001">NCT_150751</controlfield>
  <controlfield tag="008">230603b        xxu||||| |||| 00| 0 vie d</controlfield>
  <datafield tag="999" ind1=" " ind2=" ">
   <subfield code="c">7791</subfield>
   <subfield code="d">7791</subfield>
  </datafield>
  <datafield tag="020" ind1=" " ind2=" ">
   <subfield code="a">8932000115649</subfield>
   <subfield code="c">75000</subfield>
  </datafield>
  <datafield tag="082" ind1="0" ind2="4">
   <subfield code="2">23rd ed.</subfield>
   <subfield code="a">395.5</subfield>
   <subfield code="b">Y144</subfield>
  </datafield>
  <datafield tag="100" ind1="1" ind2=" ">
   <subfield code="a">Yager, Jan</subfield>
  </datafield>
  <datafield tag="245" ind1="1" ind2="0">
   <subfield code="a">Phát triển toàn cầu  =</subfield>
   <subfield code="b">Grow global</subfield>
   <subfield code="c">Jan Yager; Hiền Lê, Vi Thảo Nguyên (dịch)</subfield>
  </datafield>
  <datafield tag="260" ind1=" " ind2=" ">
   <subfield code="a">H.</subfield>
   <subfield code="b">Thời đại</subfield>
   <subfield code="c">2011</subfield>
  </datafield>
  <datafield tag="300" ind1=" " ind2=" ">
   <subfield code="a">294 tr.</subfield>
   <subfield code="c">20cm</subfield>
  </datafield>
  <datafield tag="520" ind1="3" ind2=" ">
   <subfield code="a">Nội dung sách là một kim chỉ nam tuyệt vời dành cho các nhà lãnh đạo kinh doanh trên khắp thế giới! Công nghệ thời đại ngày nay mang tính toàn cầu, nhưng quyển sách này sẽ hướng dẫn bạn xây dựng hàng ngàn các mối quan hệ đặc biệt tại địa phương nhằm đạt được chiến lược phát triển mạng lưới kinh doanh toàn cầu</subfield>
  </datafield>
  <datafield tag="653" ind1=" " ind2=" ">
   <subfield code="a">Quản trị kinh doanh</subfield>
  </datafield>
  <datafield tag="700" ind1="0" ind2=" ">
   <subfield code="a">Hiền Lê</subfield>
   <subfield code="e">Dịch</subfield>
  </datafield>
  <datafield tag="700" ind1="1" ind2=" ">
   <subfield code="a">Vi Thảo Nguyên</subfield>
   <subfield code="e">Dịch</subfield>
  </datafield>
  <datafield tag="942" ind1=" " ind2=" ">
   <subfield code="2">ddc</subfield>
   <subfield code="c">BK</subfield>
  </datafield>
  <datafield tag="952" ind1=" " ind2=" ">
   <subfield code="0">0</subfield>
   <subfield code="1">0</subfield>
   <subfield code="2">ddc</subfield>
   <subfield code="4">0</subfield>
   <subfield code="6">395_500000000000000_Y144</subfield>
   <subfield code="7">0</subfield>
   <subfield code="9">27780</subfield>
   <subfield code="a">000001</subfield>
   <subfield code="b">000001</subfield>
   <subfield code="d">2023-06-03</subfield>
   <subfield code="o">395.5 Y144</subfield>
   <subfield code="p">MD.21859</subfield>
   <subfield code="r">2023-06-03</subfield>
   <subfield code="v">75000.00</subfield>
   <subfield code="w">2023-06-03</subfield>
   <subfield code="y">BK</subfield>
  </datafield>
  <datafield tag="980" ind1=" " ind2=" ">
   <subfield code="a">Thư viện Trường Đại học Nam Cần Thơ</subfield>
  </datafield>
 </record>
</collection>
